Classements ballon d'or depuis 2010 - Statistiques

Statistiques générales
  • Ce quiz a été pris 45 fois
  • Le résultat moyen est 165 sur 408
Statistiques - réponses
Année Position Club Nationalité Réponse % Correct
2025 1 Paris Saint-Germain France Ousmane Dembélé
100%
- 2 FC Barcelone Espagne Lamine Yamal
98%
- 3 Paris Saint-Germain Portugal Vitinha
98%
- 4 Liverpool FC Egypte Mohamed Salah
95%
- 6 Paris Saint-Germain Maroc Achraf Hakimi
90%
- 7 Real Madrid France Kylian Mbappé
90%
- 5 FC Barcelone Brésil Raphinha
90%
- 9 Paris Saint-Germain Italie Gianluigi Donnarumma
88%
- 26 Manchester City Norvège Erling Haaland
85%
- 23 Real Madrid Angleterre Jude Bellingham
85%
- 3 Real Madrid Angleterre Jude Bellingham
85%
- 20 Inter Milan Argentine Lautaro Martinez
85%
- 30 Bayern Munich France Michael Olise
85%
- 11 FC Barcelone Espagne Pedri
85%
2024 1 Manchester City Espagne Rodri
85%
- 16 Real Madrid Brésil Vinicius
85%
- 2 Real Madrid Brésil Vinicius
85%
- 8 Chelsea Angleterre Cole Palmer
83%
- 14 Paris Saint-Germain France Désiré Doué
83%
- 5 Manchester City Norvège Erling Haaland
83%
- 24 Paris Saint-Germain Espagne Fabian Ruiz
83%
- 13 Bayern Munich Angleterre Harry Kane
83%
- 12 Paris Saint-Germain Géorgie Khvicha Kvaratskhelia
83%
- 6 Paris Saint-Germain France Kylian Mbappé
83%
- 7 Inter Milan Argentine Lautaro Martinez
83%
- 27 Arsenal FC Angleterre Declan Rice
80%
- 17 Real Madrid Uruguay Federico Valverde
80%
- 19 Paris Saint-Germain Portugal Joao Neves
80%
- 10 Paris Saint-Germain Portugal Nuno Mendes
80%
- 17 FC Barcelone Pologne Robert Lewandowski
80%
- 9 Real Madrid Allemagne Toni Kroos
80%
- 15 Sporting CP Suède Viktor Gyökeres
80%
- 28 Liverpool FC Pays-Bas Virgil Van Dijk
80%
- 14 Atalanta Bergame Nigéria Ademola Lookman
78%
- 22 Liverpool FC Argentine Alexis Mac Allister
78%
- 25 Inter Milan Pays-Bas Denzel Dumfries
78%
- 29 Bayer Leverkusen Allemagne Florian Wirtz
78%
- 10 Bayern Munich Angleterre Harry Kane
78%
- 11 Manchester City Angleterre Phil Foden
78%
- 18 Naples Ecosse Scott McTominay
78%
- 21 Borussia Dortmund Guinée Serhou Guirassy
78%
- 4 Real Madrid Espagne Dani Carvajal
75%
- 18 Aston Villa Argentine Emiliano Martinez
75%
- 12 Bayer Leverkusen Allemagne Florian Wirtz
75%
- 8 FC Barcelone Espagne Lamine Yamal
75%
2023 1 Paris Saint-Germain Argentine Lionel Messi
75%
- 19 Arsenal FC Norvège Martin Odegaard
75%
- 27 Paris Saint-Germain Portugal Vitinha
75%
- 24 Arsenal FC France William Saliba
75%
- 22 Real Madrid Allemagne Antonio Rüdiger
73%
- 25 Chelsea Angleterre Cole Palmer
73%
- 2 Manchester City Norvège Erling Haaland
73%
- 16 Bayer Leverkusen Suisse Granit Xhaka
73%
- 21 Arsenal FC Angleterre Bukayo Saka
70%
- 26 Arsenal FC Angleterre Declan Rice
70%
- 4 Manchester City Belgique Kevin De Bruyne
70%
- 3 Paris Saint-Germain France Kylian Mbappé
70%
- 15 Athlétic Bilbao Espagne Nico Williams
70%
- 23 Manchester City Portugal Ruben Dias
70%
- 5 Real Madrid Brésil Vinicius
70%
- 21 Atlético Madrid France Antoine Griezmann
68%
- 15 Aston Villa Argentine Emiliano Martinez
68%
- 20 Inter Milan Argentine Lautaro Martinez
68%
- 10 Real Madrid Croatie Luka Modric
68%
- 11 Liverpool FC Egypte Mohamed Salah
68%
- 9 Manchester City Portugal Bernardo Silva
65%
- 13 RB Leipzig Espagne Dani Olmo
65%
- 20 Inter Milan Turquie Hakan Calhanoglu
65%
- 19 Tottenham Hotspur Angleterre Harry Kane
65%
- 18 Borussia Dortmud Angleterre Jude Bellingham
65%
- 17 Naples Géorgie Khvicha Kvaratskhelia
65%
- 12 FC Barcelone Pologne Robert Lewandowski
65%
- 6 Manchester City Espagne Rodri
65%
- 8 Naples Nigéria Victor Osimhen
65%
- 28 Bayer Leverkusen Espagne Alex Grimaldo
63%
- 16 Real Madrid France Karim Benzema
63%
- 28 Arsenal FC Norvège Martin Odegaard
63%
- 24 Arsenal FC Angleterre Bukayo Saka
60%
- 11 Tottenham Hotspur Corée du sud Heung-min Son
60%
2022 1 Real Madrid France Karim Benzema
60%
- 3 Manchester City Belgique Kevin De Bruyne
60%
- 6 Paris Saint-Germain France Kylian Mbappé
60%
- 9 Real Madrid Croatie Luka Modric
60%
- 5 Liverpool FC Egypte Mohamed Salah
60%
- 12 Manchester City Algérie Riyad Mahrez
60%
- 30 Manchester City Portugal Ruben Dias
60%
- 2 Liverpool FC Sénégal Sadio Mané
60%
- 7 Real Madrid Belgique Thibaut Courtois
60%
- 8 Real Madrid Brésil Vinicius
60%
- 10 Borussia Dortmund Norvège Erling Haaland
58%
- 4 Bayern Munich Pologne Robert Lewandowski
58%
- 14 Manchester City Allemagne Ilkay Gündogan
55%
- 22 Naples Corée du sud Min-jae Kim
55%
- 27 Inter Milan Italie Nicolo Barella
55%
- 14 AC Milan Portugal Rafael Leao
55%
- 13 Seville FC Maroc Yassine Bounou
55%
- 21 Tottenham Hotspur Angleterre Harry Kane
53%
- 7 Manchester City Argentine Julian Alvarez
53%
- 26 Bayern Munich Allemagne Jamal Musiala
50%
2021 1 FC Barcelone Argentine Lionel Messi
50%
- 17 Liverpool FC Colombie Luis Díaz
50%
- 28 Eintracht Francfort France Randal Kolo Muani
50%
- 16 Liverpool FC Pays-Bas Virgil Van Dijk
50%
- 23 Inter Milan Cameroun André Onana
48%
- 22 Manchester City Portugal Bernardo Silva
48%
- 17 Real Madrid Brésil Casemiro
48%
- 11 Borussia Dortmund Norvège Erling Haaland
48%
- 25 RB Leipzig Croatie Joško Gvardiol
48%
- 4 Real Madrid France Karim Benzema
48%
- 8 Manchester City Belgique Kevin De Bruyne
48%
- 9 Paris Saint-Germain France Kylian Mbappé
48%
- 29 Borussia Dortmund Allemagne Mats Hummels
48%
- 7 Liverpool FC Egypte Mohamed Salah
48%
- 5 Chelsea France N'Golo Kanté
48%
- 25 RB Leipzig France Christopher Nkunku
45%
- 20 Manchester United Portugal Cristiano Ronaldo
45%
- 6 Juventus Turin Portugal Cristiano Ronaldo
45%
- 17 Juventus Turin Serbie Dušan Vlahović
45%
- 3 Chelsea Italie Jorginho
45%
- 25 Bayern Munich Allemagne Joshua Kimmich
45%
2019 1 FC Barcelone Argentine Lionel Messi
45%
- 22 Manchester City Angleterre Phil Foden
45%
- 2 Bayern Munich Pologne Robert Lewandowski
45%
- 12 Inter Milan Belgique Romelu Lukaku
45%
- 7 Liverpool FC Brésil Alisson Becker
43%
- 18 Atlético Madrid France Antoine Griezmann
43%
- 9 Manchester City Portugal Bernardo Silva
43%
- 21 Manchester United Portugal Bruno Fernandes
43%
- 3 Juventus Turin Portugal Cristiano Ronaldo
43%
- 13 Chelsea Belgique Eden Hazard
43%
- 23 Tottenham Hotspur Angleterre Harry Kane
43%
- 22 Tottenham Hotspur Corée du sud Heung-min Son
43%
- 14 Manchester City Belgique Kevin de Bruyne
43%
- 6 Paris Saint-Germain France Kylian Mbappé
43%
- 21 Inter Milan Argentine Lautaro Martinez
43%
- 29 Real Madrid Croatie Luka Modric
43%
2018 1 Real Madrid Croatie Luka Modric
43%
- 25 AC Milan France Mike Maignan
43%
- 5 Liverpool FC Egypte Mohamed Salah
43%
- 16 Paris Saint-Germain Brésil Neymar
43%
- 24 FC Barcelone Espagne Pedri
43%
- 20 Arsenal FC Gabon Pierre-Emerick Aubameyang
43%
- 20 Manchester City Algérie Riyad Mahrez
43%
- 10 Manchester City Algérie Riyad Mahrez
43%
- 4 Liverpool FC Sénégal Sadio Mané
43%
- 13 Ajax Amsterdam Côte d'Ivoire Sébastien Haller
43%
- 25 Chelsea Allemagne Antonio Rüdiger
40%
- 14 Liverpool FC Brésil Fabinho
40%
- 11 Ajax Amsterdam Pays-Bas Frenkie de Jong
40%
- 23 Tottenham Hotspur France Hugo Lloris
40%
- 26 Real Madrid France Karim Benzema
40%
- 24 FC Barcelone Allemagne Marc-André Ter Stegen
40%
- 15 Ajax Amsterdam Pays-Bas Matthijs de Ligt
40%
- 8 Bayern Munich Pologne Robert Lewandowski
40%
- 17 Liverpool FC Brésil Roberto Firmino
40%
- 26 Manchester City Portugal Ruben Dias
40%
- 2 Liverpool FC Pays-Bas Virgil Van Dijk
40%
- 3 Atlético Madrid France Antoine Griezmann
38%
- 29 Gérone Ukraine Artem Dovbyk
38%
- 2 Real Madrid Portugal Cristiano Ronaldo
38%
2017 1 Real Madrid Portugal Cristiano Ronaldo
38%
- 25 Benfica SL Uruguay Darwin Nunez
38%
- 8 Chelsea Belgique Eden Hazard
38%
- 22 Paris Saint-Germain Uruguay Edinson Cavani
38%
- 17 Real Madrid Pays de Galles Gareth Bale
38%
- 10 AC Milan Italie Gianluigi Donnarumma
38%
- 10 Tottenham Hotspur Angleterre Harry Kane
38%
- 19 FC Barcelone Croatie Ivan Rakitic
38%
- 25 Atlético Madrid Slovénie Jan Oblak
38%
- 9 Manchester City Belgique Kevin De Bruyne
38%
- 4 Paris Saint-Germain France Kylian Mbappé
38%
- 5 FC Barcelone Argentine Lionel Messi
38%
- 13 FC Barcelone Uruguay Luis Suarez
38%
- 6 Liverpool FC Egypte Mohamed Salah
38%
- 12 Paris Saint-Germain Brésil Neymar
38%
- 11 Chelsea France N'Golo Kanté
38%
- 26 Inter Milan Italie Nicolo Barella
38%
- 15 Manchester United France Paul Pogba
38%
- 25 Manchester City Angleterre Phil Foden
38%
- 7 Real Madrid France Raphaël Varane
38%
- 22 Liverpool FC Sénégal Sadio Mané
38%
- 16 Manchester City Argentine Sergio Agüero
38%
- 22 Liverpool FC Angleterre Trent Alexander-Arnold
38%
2016 1 Real Madrid Portugal Cristiano Ronaldo
35%
- 20 Ajax Amsterdam Serbie Dušan Tadić
35%
- 29 Tottenham Hotspur France Hugo Lloris
35%
- 17 Real Madrid France Karim Benzema
35%
2015 1 FC Barcelone Argentine Lionel Messi
35%
- 17 Atlético Madrid Uruguay Luis Suarez
35%
- 22 Real Madrid Brésil Marcelo
35%
- 28 Paris Saint-Germain Brésil Marquinhos
35%
- 15 Manchester City Angleterre Raheem Sterling
35%
- 19 Liverpool FC Brésil Roberto Firmino
35%
- 19 Real Madrid Espagne Sergio Ramos
35%
- 14 Chelsea Belgique Thibaut Courtois
35%
- 19 Liverpool FC Angleterre Trent Alexander-Arnold
35%
- 10 Arsenal FC Chili Alexis Sanchez
33%
- 25 AS Rome Brésil Alisson Becker
33%
- 9 FC Barcelone Espagne Andrés Iniesta
33%
- 18 Atlético Madrid France Antoine Griezmann
33%
- 3 Atlético Madrid France Antoine Griezmann
33%
- 21 Bayern Munich Pays-Bas Arjen Robben
33%
- 17 Juventus Turin Chili Arturo Vidal
33%
- 2 Real Madrid Portugal Cristiano Ronaldo
33%
2014 1 Real Madrid Portugal Cristiano Ronaldo
33%
- 28 Atlético Madrid Uruguay Diego Godín
33%
- 19 Chelsea Belgique Eden Hazard
33%
- 8 Chelsea Belgique Eden Hazard
33%
- 11 Paris Saint-Germain Uruguay Edinson Cavani
33%
- 6 Real Madrid Pays de Galles Gareth Bale
33%
- 16 Real Madrid Pays de Galles Gareth Bale
33%
- 10 Tottenham Hotspur Angleterre Harry Kane
33%
- 23 FC Barcelone Croatie Ivan Rakitic
33%
- 19 Real Madrid Colombie James Rodriguez
33%
- 26 Atlético Madrid Slovénie Jan Oblak
33%
- 24 Naples Sénégal Kalidou Koulibaly
33%
- 25 Real Madrid France Karim Benzema
33%
- 20 Real Madrid France Karim Benzema
33%
- 14 Manchester City Belgique Kevin De Bruyne
33%
- 18 Vfl Wolfsburg Belgique Kevin De Bruyne
33%
- 7 AS Monaco France Kylian Mbappé
33%
- 2 FC Barcelone Argentine Lionel Messi
33%
- 2 FC Barcelone Argentine Lionel Messi
33%
2012 1 FC Barcelone Argentine Lionel Messi
33%
- 13 FC Barcelone Uruguay Luis Suarez
33%
- 4 FC Barcelone Uruguay Luis Suarez
33%
- 5 FC Barcelone Uruguay Luis Suarez
33%
- 5 Real Madrid Croatie Luka Modric
33%
- 7 Bayern Munich Allemagne Manuel Neuer
33%
- 25 Juventus Turin Croatie Mario Mandžukić
33%
- 3 FC Barcelone Brésil Neymar
33%
- 5 FC Barcelone Brésil Neymar
33%
- 3 FC Barcelone Brésil Neymar
33%
- 8 Chelsea France N'Golo Kanté
33%
- 15 Juventus Turin France Paul Pogba
33%
- 21 Borussia Dortmund Gabon Pierre-Emerick Aubameyang
33%
- 24 AS Monaco Colombie Radamel Falcao
33%
- 7 Leicester City Algérie Riyad Mahrez
33%
- 4 Bayern Munich Pologne Robert Lewandowski
33%
- 23 Liverpool FC Sénégal Sadio Mané
33%
- 16 Manchester City Argentine Sergio Agüero
33%
- 13 Manchester City Argentine Sergio Agüero
33%
- 6 Real Madrid Espagne Sergio Ramos
33%
- 17 Real Madrid Allemagne Toni Kroos
33%
- 21 Real Madrid Allemagne Toni Kroos
33%
- 12 Manchester City Côte d'Ivoire Yaya Touré
33%
- 11 Paris Saint-Germain Suède Zlatan Ibrahimovic
33%
- 20 FC Barcelone Espagne Andrés Iniesta
30%
- 3 FC Barcelone Espagne Andrés Iniesta
30%
- 14 Bayern Munich Chili Arturo Vidal
30%
2013 1 Real Madrid Portugal Cristiano Ronaldo
30%
- 2 Real Madrid Portugal Cristiano Ronaldo
30%
- 20 Manchester United Espagne David De Gea
30%
- 17 West Ham United France Dimitri Payet
30%
- 28 AS Rome Bosnie Edin Džeko
30%
- 4 Juventus Turin Italie Gianluigi Buffon
30%
- 9 Juventus Turin Italie Gianluigi Buffon
30%
- 13 Juventus Turin Italie Giorgio Chiellini
30%
- 20 Tottenham Hotspur France Hugo Lloris
30%
- 8 Leicester City Angleterre Jamie Vardy
30%
- 14 FC Barcelone Argentine Javier Mascherano
30%
- 25 Manchester City Portugal Joao Cancelo
30%
- 20 Manchester City Belgique Kevin De Bruyne
30%
- 14 Juventus Turin Italie Leonardo Bonucci
30%
- 2 FC Barcelone Argentine Lionel Messi
30%
- 17 Real Madrid Croatie Luka Modric
30%
- 16 Real Madrid Brésil Marcelo
30%
- 15 Juventus Turin Argentine Paulo Dybala
30%
- 14 Juventus Turin France Paul Pogba
30%
- 11 Borussia Dortmund Gabon Pierre-Emerick Aubameyang
30%
- 12 Manchester City Angleterre Raheem Sterling
30%
- 9 Bayern Munich Pologne Robert Lewandowski
30%
- 16 Bayern Munich Pologne Robert Lewandowski
30%
- 20 Manchester City Argentine Sergio Agüero
30%
- 18 AC Milan Danemark Simon Kjaer
30%
- 17 Real Madrid Allemagne Toni Kroos
30%
- 4 FC Barcelone Espagne Xavi
30%
- 13 Paris Saint-Germain Suède Zlatan Ibrahimovic
30%
- 17 FC Barcelone Espagne Andrés Iniesta
28%
- 6 FC Barcelone Espagne Andrés Iniesta
28%
- 4 Bayern Munich Pays-Bas Arjen Robben
28%
- 8 Bayern Munich Pays-Bas Arjen Robben
28%
- 8 Chelsea Côte d'Ivoire Didier Drogba
28%
- 20 Atlético Madrid Uruguay Diego Godín
28%
- 21 Chelsea Belgique Eden Hazard
28%
- 22 Chelsea Belgique Eden Hazard
28%
- 3 Bayern Munich France Franck Ribéry
28%
- 12 Real Madrid Pays de Galles Gareth Bale
28%
- 9 Tottenham Hotspur Pays de Galles Gareth Bale
28%
- 26 Liverpool FC Pays-Bas Georginio Wijnaldum
28%
- 29 Real Madrid Espagne Isco
28%
- 8 AS Monaco Colombie James Rodriguez
28%
- 19 FC Barcelone Argentine Javier Mascherano
28%
- 28 Benfica SL Portugal Joao Félix
28%
- 20 Atlético Madrid Espagne Koke
28%
- 21 Juventus Turin Italie Leonardo Bonucci
28%
- 2 FC Barcelone Argentine Lionel Messi
28%
2010 1 FC Barcelone Argentine Lionel Messi
28%
- 19 Liverpool FC Uruguay Luis Suarez
28%
- 20 Bayern Munich Allemagne Manuel Neuer
28%
- 3 Bayern Munich Allemagne Manuel Neuer
28%
- 7 FC Barcelone Brésil Neymar
28%
- 5 FC Barcelone Brésil Neymar
28%
- 13 Santos FC Brésil Neymar
28%
- 20 Juventus Turin Argentine Paulo Dybala
28%
- 22 Juventus Turin France Paul Pogba
28%
- 9 Real Madrid Portugal Pepe
28%
- 5 Atlético Madrid Colombie Radamel Falcao
28%
- 13 Borussia Dortmund Pologne Robert Lewandowski
28%
- 7 Manchester United Pays-Bas Robin van Persie
28%
- 20 Real Madrid Espagne Sergio Ramos
28%
- 23 Real Madrid Espagne Sergio Ramos
28%
- 20 Atlético Madrid Belgique Thibaut Courtois
28%
- 20 Bayern Munich Allemagne Thomas Müller
28%
- 6 Bayern Munich Allemagne Thomas Müller
28%
- 14 Manchester City Côte d'Ivoire Yaya Touré
28%
- 12 Manchester City Côte d'Ivoire Yaya Touré
28%
- 12 Manchester City Côte d'Ivoire Yaya Touré
28%
- 12 Paris Saint-Germain Suède Zlatan Ibrahimovic
28%
- 4 Paris Saint-Germain Suède Zlatan Ibrahimovic
28%
- 10 Juventus Turin Italie Andrea Pirlo
25%
- 29 Chelsea Espagne César Azpilicueta
25%
- 29 Naples Belgique Dries Mertens
25%
- 20 Naples Uruguay Edinson Cavani
25%
- 16 Juventus Turin Italie Gianluigi Buffon
25%
- 16 Real Madrid France Karim Benzema
25%
- 16 Arsenal FC Allemagne Mesut Özil
25%
- 6 Bayern Munich Allemagne Philipp Lahm
25%
- 11 Atlético Madrid Colombie Radamel Falcao
25%
- 9 Arsenal FC Pays-Bas Robin van Persie
25%
- 17 Manchester City Argentine Sergio Agüero
25%
- 18 Real Madrid Espagne Sergio Ramos
25%
- 5 Bayern Munich Allemagne Thomas Müller
25%
- 15 Manchester United Angleterre Wayne Rooney
25%
- 10 AC Milan Suède Zlatan Ibrahimovic
25%
- 2 FC Barcelone Espagne Andrés Iniesta
23%
- 6 Real Madrid Portugal Cristiano Ronaldo
23%
- 9 Chelsea Côte d'Ivoire Didier Drogba
23%
- 5 Atlético Madrid Uruguay Diego Forlan
23%
- 20 Naples Argentine Gonzalo Higuain
23%
- 12 Real Madrid Espagne Isco
23%
- 21 Real Madrid France Karim Benzema
23%
2011 1 FC Barcelone Argentine Lionel Messi
23%
- 19 Bayern Munich Allemagne Manuel Neuer
23%
- 27 Bayern Munich Allemagne Mats Hummels
23%
- 14 Real Madrid Allemagne Mesut Özil
23%
- 14 Bayern Munich Allemagne Philipp Lahm
23%
- 12 Inter Milan Cameroun Samuel Eto'o
23%
- 21 Paris Saint-Germain Brésil Thiago Silva
23%
- 17 Bayern Munich Allemagne Thomas Müller
23%
- 15 FC Barcelone Espagne Xavi
23%
- 3 FC Barcelone Espagne Xavi
23%
- 7 Juventus Turin Italie Andrea Pirlo
20%
- 4 FC Barcelone Espagne Andrés Iniesta
20%
- 10 Real Madrid Argentine Ángel Di María
20%
- 18 Bayern Munich Allemagne Bastian Schweinsteiger
20%
- 17 Bayern Munich Allemagne Bastian Schweinsteiger
20%
- 2 Real Madrid Portugal Cristiano Ronaldo
20%
- 7 Atlético Madrid Uruguay Diego Forlan
20%
- 28 Ajax Amsterdam Pays-Bas Donny van de Beek
20%
- 26 Villareal CF Espagne Gerard Moreno
20%
- 6 Real Madrid Espagne Iker Casillas
20%
- 7 Real Madrid Espagne Iker Casillas
20%
- 19 Real Madrid France Karim Benzema
20%
- 6 Liverpool FC Uruguay Luis Suarez
20%
- 10 Santos FC Brésil Neymar
20%
- 12 Sporting CP Portugal Rui Patricio
20%
- 8 Inter Milan Cameroun Samuel Eto'o
20%
- 13 Bayern Munich Allemagne Thomas Müller
20%
- 5 Manchester United Angleterre Wayne Rooney
20%
- 4 Inter Milan Pays-Bas Wesley Sneijder
20%
- 3 FC Barcelone Espagne Xavi
20%
- 14 Bayern Munich Pays-Bas Arjen Robben
18%
- 11 FC Barcelone Espagne Carles Puyol
18%
- 9 Real Madrid Espagne Iker Casillas
18%
- 19 Chelsea Angleterre Mason Mount
18%
- 11 Real Madrid Allemagne Mesut Özil
18%
- 29 Liverpool FC Brésil Philippe Coutinho
18%
- 20 FC Barcelone Espagne Sergio Busquets
18%
- 15 Bayern Munich Allemagne Thomas Müller
18%
- 12 Inter Milan Pays-Bas Wesley Sneijder
18%
- 15 Bayern Munich Allemagne Bastian Schweinsteiger
15%
- 19 FC Barcelone Brésil Daniel Alves
15%
- 22 FC Barcelone Brésil Daniel Alves
15%
- 17 Inter Milan Brésil Douglas Maicon
15%
- 18 FC Barcelone France Eric Abidal
15%
- 21 FC Barcelone Espagne Gerard Piqué
15%
- 23 Bayern Munich Allemagne Manuel Neuer
15%
- 23 Manchester City Italie Mario Balotelli
15%
- 15 Bayern Munich Allemagne Mario Götze
15%
- 16 Atlético Madrid Argentine Sergio Agüero
15%
- 9 Bayern Munich Allemagne Toni Kroos
15%
- 10 Real Madrid Espagne Xabi Alonso
15%
- 21 Arsenal FC Espagne Cesc Fabregas
13%
- 20 Arsenal FC Espagne Cesc Fabregas
13%
- 8 Valence CF Espagne David Villa
13%
- 22 Manchester United Portugal Nani
13%
- 11 Real Madrid Espagne Xabi Alonso
13%
- 16 Bayern Munich Allemagne Bastian Schweinsteiger
10%
- 14 FC Barcelone Espagne David Villa
10%
- 23 FC Barcelone Espagne Gerard Piqué
10%
- 19 Inter Milan Brésil Julio César
10%
- 16 Real Madrid Espagne Xabi Alonso
10%
- 11 Atlético Madrid Espagne Diego Costa
8%
- 22 Bayern Munich Allemagne Philipp Lahm
8%
- 18 Rennes Ghana Gyan Asamoah
5%
- 13 Werder Brême Allemagne Mesut Özil
5%
- 21 Bayern Munich Allemagne Miroslav Klose
3%
Aucun quiz correspondant
Distribution des résultats
% des personnes avec chaque résultat
Percentile par nombre de réponses
Votre historique - résultats
Vous n’avez pas pris ce quiz